00451nam a2200193Ia 4500008004100000020001800041050001400059100001600073245002000089245001600109260001500125260001600140260000900156300001500165300002700180300001000207440003200217500000800249170918s9999 xx 000 0 und d a9780439876476 bB344 2007 aBauer, Jeff aCool penguins / cJeff Bauer. aNew York : bScholastic, c2007 a24 pages : bcolored illustration ; c23cm. aScience vocabulary readers. a610